[Event "SVR-op"]
[Site "Heimbach Weis"]
[Date "2017.04.13"]
[Round "4"]
[White "Reitz, Theresa"]
[Black "Busley, Patrick"]
[Result "1-0"]
[WhiteElo "1663"]
[BlackElo "1283"]
[PlyCount "49"]
[EventDate "2017.04.08"]
[EventType "swiss"]
[EventRounds "7"]
[EventCountry "GER"]
[SourceTitle "EXT 2020"]
[Source "ChessBase"]
[SourceDate "2019.10.17"]
[SourceVersion "1"]
[SourceVersionDate "2019.10.17"]
[SourceQuality "1"]

1. e4 e6 2. d4 d5 3. e5 c5 4. c3 Nc6 5. Nf3 Nh6 6. a3 cxd4 7. cxd4 Nf5 8. b4 Qb6 9. Bb2 Be7 10. Bd3 a6 11. 0-0 Bd7 12. Be2 Rc8 13. Qd2 a5 14. b5 Na7 15. a4 Bb4 16. Nc3 0-0 17. Rac1 Qd8 18. g4 Nh4 19. Nxh4 Qxh4 20. g5 b6 21. f4 Qh3 22. Rf3 Qg4+ 23. Rg3 Qh4 24. Kg2 Rc7 25. Rh3 1-0